[Event "Championnat de France des Jeunes - Benja"]
[Site "AIX LES BAINS"]
[Date "2009.04.23"]
[Round "6.12"]
[White "Suescun, Melanie"]
[Black "Dubois, Marie"]
[Result "0-1"]
[WhiteElo "1520"]
[BlackElo "1636"]
[PlyCount "114"]

1. e4 c5 2. Nf3 d6 3. d4 cxd4 4. Nxd4 Nf6 5. Nc3 a6 6. Bc4 b5 7. Be2 e5 8. Nf3
Bb7 9. Bd3 h6 10. O-O b4 11. Nd5 Nxd5 12. exd5 Bxd5 13. Re1 Be7 14. Be4 Bxe4
15. Rxe4 Nc6 16. b3 O-O 17. Bb2 Rc8 18. Re2 Na7 19. Nd2 Bf6 20. Rb1 Re8 21. Nc4
Nb5 22. Qd2 Nc3 23. Bxc3 bxc3 24. Qxd6 Ra8 25. Qxd8 Raxd8 26. Kf1 Rd5 27. Rbe1
g5 28. Re3 Red8 29. Rxc3 Be7 30. Ree3 Rd1+ 31. Ke2 Bb4 32. Rcd3 R8xd3 33. Rxd3
Re1+ 34. Kf3 e4+ 35. Kg3 exd3 36. cxd3 Rd1 37. d4 Rxd4 38. Kf3 Rf4+ 39. Ke2 Kf8
40. h3 Bc5 41. f3 h5 42. g3 Rf6 43. a3 Re6+ 44. Kd2 Bf2 45. g4 hxg4 46. hxg4
Ke7 47. Kd1 Be3 48. Kc2 Rc6 49. Kd3 Bf4 50. Kc2 Rh6 51. Kd3 Rh2 52. Kd4 f6 53.
Kd3 Ke6 54. Kd4 Be5+ 55. Ke4 Rc2 56. Kd3 Rc3+ 57. Ke4 Rxb3 0-1

[Event "Championnat de France des Jeunes - Benja"]
[Site "AIX LES BAINS"]
[Date "2009.04.23"]
[Round "6.13"]
[White "Stubbe, Alicia"]
[Black "Laric, Emilie"]
[Result "0-1"]
[WhiteElo "1625"]
[BlackElo "1540"]
[PlyCount "48"]

1. e4 e5 2. d4 exd4 3. Bc4 Nc6 4. Nf3 Nf6 5. e5 Ne4 6. Qe2 Nc5 7. Bg5 Be7 8.
Bxe7 Qxe7 9. Nbd2 O-O 10. O-O-O d6 11. Rhe1 Be6 12. exd6 Qxd6 13. Bxe6 Nxe6 14.
Nb3 Rad8 15. Qe4 Rd7 16. c3 d3 17. Re3 Rfd8 18. Rexd3 Qxd3 19. Rxd3 Rxd3 20.
Nbd2 h6 21. Nd4 Ncxd4 22. Qxd3 Nb3+ 23. axb3 Rxd3 24. Kc2 Rd5 0-1

[Event "Championnat de France des Jeunes - Benja"]
[Site "AIX LES BAINS"]
[Date "2009.04.23"]
[Round "6.14"]
[White "Bertrand, Meryl"]
[Black "Tamburro, Clemence"]
[Result "1-0"]
[WhiteElo "1610"]
[BlackElo "1380"]
[PlyCount "87"]

1. e4 e5 2. Nf3 Nc6 3. Nc3 Nf6 4. Bb5 Bc5 5. O-O d6 6. d3 h6 7. h3 Bd7 8. Be3
Bxe3 9. fxe3 g5 10. d4 g4 11. Bxc6 Bxc6 12. dxe5 gxf3 13. Qxf3 dxe5 14. Qxf6
Qxf6 15. Rxf6 Ke7 16. Raf1 Rh7 17. R6f5 Ke6 18. Rf6+ Ke7 19. Nd5+ Bxd5 20. exd5
Rd8 21. e4 Rd6 22. R6f5 f6 23. c4 Rg7 24. R1f3 Rg5 25. g4 c6 26. c5 Rxf5 27.
cxd6+ Kxd6 28. Rxf5 cxd5 29. exd5 Kxd5 30. Rxf6 e4 31. Rxh6 Kd4 32. Re6 e3 33.
g5 Kd3 34. g6 Kd2 35. g7 e2 36. g8=Q e1=Q+ 37. Rxe1 Kxe1 38. h4 a5 39. h5 b5
40. h6 b4 41. h7 a4 42. h8=R a3 43. Qg2 axb2 44. Rh1 1-0

[Event "Championnat de France des Jeunes - Benja"]
[Site "AIX LES BAINS"]
[Date "2009.04.23"]
[Round "6.15"]
[White "Massard, Aurelie"]
[Black "Floc'H, Jasmine"]
[Result "1-0"]
[WhiteElo "1580"]
[BlackElo "1180"]
[PlyCount "119"]

1. e4 c5 2. Nc3 d6 3. f4 e6 4. Nf3 Nc6 5. Bc4 Nf6 6. d3 a6 7. O-O b5 8. Bb3 Be7
9. Qe1 Bb7 10. f5 e5 11. Qg3 O-O 12. Bh6 Nh5 13. Qg4 Bf6 14. Qxh5 gxh6 15. Nd5
Bg7 16. Qg4 f6 17. Nxf6+ Kh8 18. Nh5 Qe7 19. Rf2 Rad8 20. Raf1 Rde8 21. Nd2 Qg5
22. Qxg5 hxg5 23. Nxg7 Kxg7 24. f6+ Kg6 25. f7 Rd8 26. Nf3 Rd7 27. h4 gxh4 28.
Nxh4+ Kg7 29. Rf3 Ne7 30. Rg3+ Kh8 31. Nf5 Ng6 32. Be6 Rc7 33. Nxd6 Rc6 34.
Nxb7 Rxe6 35. Nxc5 Rd6 36. Rgf3 Kg7 37. Kh2 Nh4 38. Rg3+ Ng6 39. Kh3 Rxf7 40.
Rxf7+ Kxf7 41. Rf3+ Kg7 42. Kg4 Rc6 43. b4 a5 44. a3 a4 45. c4 bxc4 46. dxc4 h6
47. Rc3 Nf4 48. Kf5 Ne2 49. Rd3 Nf4 50. Rd7+ Kf8 51. Kxe5 Ng6+ 52. Kd5 Ne7+ 53.
Rxe7 Rxc5+ 54. Kxc5 Kxe7 55. b5 Kd7 56. e5 h5 57. b6 h4 58. b7 Kc7 59. e6 Kxb7
60. e7 1-0

[Event "Championnat de France des Jeunes - Pupilles"]
[Site "Aix-les-Bains"]
[Date ""]
[Round "6.1"]
[White "Gelas, Christophe"]
[Black "Viennot, Dylan"]
[Result "1-0"]
[WhiteElo "1918"]
[BlackElo "1889"]
[Annotator ""]

1. d4 Nf6 2. c4 g6 3. Nc3 Bg7 4. e4 d6 5. f3 O-O 6. Be3 e5 7. d5 c6 8. Qd2 cxd5
9. cxd5 a6 10. Bd3 Nbd7 11. Nge2 b5 12. g4 h5 13. h3 Kh7 14. Bg5 Qc7 15. Ng3
Nc5 16. Bc2 Bd7 17. Kf2 Rg8 18. Rag1 Qb6 19. Be3 b4 20. Na4 Bxa4 21. Bxa4 h4
22. Nf1 Nfxe4+ 23. fxe4 Nxe4+ 24. Kg2 Nxd2 25. Bxb6 Nc4 26. Bf2 Nxb2 27. Bc6
Rab8 28. Bxh4 a5 29. Nd2 f5 30. Rb1 Nd3 31. Nc4 Bf8 32. Nxa5 g5 33. Bf2 f4 34.
Rhd1 e4 35. a3 Bg7 36. Ba7 f3+ 37. Kf1 Rbf8 38. axb4 Nf4 39. Re1 Ne2 40. Rxe2
fxe2+ 41. Kxe2 Rf3 42. Rb3 Rgf8 43. Rxf3 exf3+ 44. Kf2 Bc3 45. Nc4 Bxb4 46. Ne3
Rf7 47. Bd4 Rf4 48. Nf5 Bd2 49. Bb5 Bc1 50. Bd3 Kg8 51. Be3 Bxe3+ 52. Nxe3 Kf7
53. Nf5 Kf6 54. Nxd6 Rd4 55. Bc4 Ke5 56. Nf7+ Kf6 57. d6 Rxc4 58. d7 Rd4 59.
d8=N 1-0

[Event "Championnat de France des Jeunes - Pupil"]
[Site "Aix-les-Bains"]
[Date "2009.04.23"]
[Round "6.2"]
[White "Kambrath, Yannick"]
[Black "Bellahcene, Bilel"]
[Result "0-1"]
[WhiteElo "1857"]
[BlackElo "1968"]
[PlyCount "82"]

1. d4 Nf6 2. c4 e6 3. Nf3 b6 4. a3 Bb7 5. Nc3 d5 6. cxd5 exd5 7. Bg5 Be7 8.
Qa4+ c6 9. e3 O-O 10. Bd3 h6 11. Bf4 Nh5 12. Be5 Nd7 13. h3 Re8 14. Bh2 a6 15.
Rd1 Nhf6 16. O-O c5 17. Bb1 b5 18. Qc2 b4 19. Ne2 bxa3 20. bxa3 c4 21. Qb2 Bc6
22. Bc2 Qa5 23. Ra1 Rec8 24. Qc3 Bd8 25. Qxa5 Bxa5 26. Rab1 Ra7 27. Ne5 Ba8 28.
Bf5 g6 29. Nxd7 Nxd7 30. Bc2 Bc6 31. f3 Re8 32. e4 dxe4 33. fxe4 Bxe4 34. Bxe4
Rxe4 35. Rf2 Bd2 36. Kf1 c3 37. Rd1 Nb6 38. Bf4 Nc4 39. Bxd2 cxd2 40. Rf4 Ne3+
41. Kg1 Rxf4 0-1

[Event "Championnat de France des Jeunes - Pupil"]
[Site "Aix-les-Bains"]
[Date "2009.04.23"]
[Round "6.3"]
[White "Lamard, Guillaume"]
[Black "Rodriguez, Adrien"]
[Result "1-0"]
[WhiteElo "2113"]
[BlackElo "1620"]
[PlyCount "51"]

1. d4 Nf6 2. c4 g6 3. Nc3 Bg7 4. e4 d6 5. Nf3 Bg4 6. Be2 O-O 7. Be3 Bxf3 8.
Bxf3 e5 9. d5 Nfd7 10. g4 a5 11. Qd2 Na6 12. h4 Nac5 13. h5 Ra6 14. Ke2 b6 15.
Rh3 Qc8 16. Bh6 Nf6 17. Bxg7 Kxg7 18. hxg6 fxg6 19. Qh6+ Kf7 20. g5 Nh5 21.
Bxh5 gxh5 22. Qxh5+ Ke7 23. Qxh7+ Rf7 24. Qh5 Ra8 25. g6 Rg7 26. Qg5+ 1-0

[Event "Championnat de France des Jeunes - Pupil"]
[Site "Aix-les-Bains"]
[Date "2009.04.23"]
[Round "6.4"]
[White "Msellek, Ilyass"]
[Black "Steyer-Striby, Alexis"]
[Result "1-0"]
[WhiteElo "1935"]
[BlackElo "1590"]
[Annotator "Rivier,Sylvain"]
[PlyCount "65"]

1. e4 e6 2. d4 d5 3. Nc3 Nf6 4. e5 Ne4 5. Bd3 Nxc3 6. bxc3 c5 7. Nf3 Nc6 8. O-O
Qc7 9. Bd2 b6 10. h4 a5 11. Bf4 Nb8 12. h5 Ba6 13. a4 Bxd3 14. cxd3 Nd7 15. Qd2
Be7 16. Rfe1 Rc8 17. dxc5 Nxc5 18. Nd4 O-O 19. h6 g6 20. Nb5 Qd7 21. Reb1 f6
22. Qe2 fxe5 23. Bxe5 Bf6 24. Nd6 Rcd8 25. Bxf6 Rxf6 26. Rxb6 Rdf8 27. f3 Nxa4
28. Ra6 Nc5 29. Rb6 Na4 30. Rb3 Nxc3 31. Qe5 Ne2+ 32. Kf2 Nf4 33. g3 {suite
illisible} 1-0

[Event "Championnat de France des Jeunes - Pupil"]
[Site "Aix-les-Bains"]
[Date "2009.04.23"]
[Round "6.5"]
[White "Baudry, Remi"]
[Black "Ek, Alexandre"]
[Result "0-1"]
[WhiteElo "1501"]
[BlackElo "1800"]
[PlyCount "56"]

1. d4 Nf6 2. Bg5 c5 3. Bxf6 gxf6 4. c3 Qb6 5. Qb3 Qxb3 6. axb3 cxd4 7. cxd4 Nc6
8. Nf3 e5 9. e3 d5 10. Bb5 Bd6 11. Nc3 Be6 12. Ke2 Rg8 13. Rhg1 e4 14. Ne1 Bxh2
15. Rh1 Bd6 16. Rxh7 Ke7 17. f3 a6 18. Bxc6 bxc6 19. f4 Rgb8 20. Rc1 Rxb3 21.
Rc2 Rab8 22. Nd1 Bg4+ 23. Kd2 Bxd1 24. Kxd1 Rxe3 25. Rxc6 Rxb2 26. Nc2 Rd3+ 27.
Kc1 Rbb3 28. Rh4 e3 0-1

[Event "Championnat de France des Jeunes - Pupil"]
[Site "Aix-les-Bains"]
[Date "2009.04.23"]
[Round "6.6"]
[White "Beau, Pierre"]
[Black "Dubois, Adrien"]
[Result "1/2-1/2"]
[WhiteElo "1723"]
[BlackElo "1540"]
[PlyCount "49"]

1. e4 c6 2. Nf3 d5 3. Nc3 dxe4 4. Nxe4 Nf6 5. Nxf6+ gxf6 6. d4 Bg4 7. Be2 e6 8.
c3 Qc7 9. h3 Bh5 10. Nh2 Bg6 11. Ng4 Nd7 12. Bd3 Bxd3 13. Qxd3 O-O-O 14. Qf3
Bg7 15. Be3 e5 16. O-O-O Qa5 17. Kb1 h5 18. Nh2 Nb6 19. Qf5+ Rd7 20. Nf3 Rhd8
21. dxe5 fxe5 22. Rxd7 Rxd7 23. Rd1 Nd5 24. Ka1 Qa4 25. Rd2 1/2-1/2

[Event "Championnat de France des Jeunes - Pupil"]
[Site "Aix-les-Bains"]
[Date "2009.04.23"]
[Round "6.7"]
[White "Bole, Oscar"]
[Black "Stili, Karim"]
[Result "0-1"]
[WhiteElo "1640"]
[BlackElo "1450"]
[PlyCount "108"]

1. d4 Nf6 2. c4 e6 3. Nf3 c5 4. e3 cxd4 5. exd4 d5 6. Bg5 Bb4+ 7. Nc3 h6 8. Bh4
O-O 9. Be2 Nc6 10. O-O Be7 11. Qd2 a6 12. Rac1 Qd6 13. cxd5 Nxd5 14. Bg3 Qd8
15. Nxd5 Qxd5 16. Bc4 Qd8 17. a3 Bf6 18. Rfd1 Qe7 19. Be5 Rd8 20. Qe3 Bxe5 21.
Nxe5 Nxe5 22. dxe5 Rxd1+ 23. Rxd1 b5 24. Bb3 Bb7 25. Rd6 Rc8 26. Qd3 Bd5 27.
Bc2 Qc7 28. Qc3 Qb7 29. f3 g6 30. Qd2 Kg7 31. Kf2 Qa7+ 32. Kg3 g5 33. Qd3 Rxc2
34. Qxc2 Qd4 35. h3 Qxe5+ 36. Kf2 Qxd6 37. Qc3+ e5 38. g3 Qb6+ 39. Kg2 Qd4 40.
Qc2 e4 41. Qc3 Qxc3 42. bxc3 exf3+ 43. Kf2 Kf6 44. g4 Ke5 45. Ke3 a5 46. h4
gxh4 47. g5 hxg5 48. c4 bxc4 49. a4 c3 50. Kf2 c2 51. Ke3 c1=Q+ 52. Kf2 Qd2+
53. Kf1 Qe2+ 54. Kg1 Qg2# 0-1

[Event "Championnat de France des Jeunes - Pupil"]
[Site "Aix-les-Bains"]
[Date "2009.04.23"]
[Round "6.8"]
[White "Purenne, Benoit"]
[Black "Madeline, Nicolas"]
[Result "1-0"]
[WhiteElo "1902"]
[BlackElo "1645"]
[PlyCount "61"]

1. e4 d6 2. d4 Nc6 3. Nc3 e5 4. d5 Nce7 5. Nge2 c6 6. Ng3 Nf6 7. Bg5 cxd5 8.
Bxf6 gxf6 9. Nh5 Nc6 10. Nxd5 Be7 11. c3 Be6 12. Qf3 Bxd5 13. exd5 Nb8 14. Bb5+
Kf8 15. O-O Rg8 16. Bd3 h6 17. Bf5 Rg5 18. g4 Nd7 19. Qe3 Ke8 20. h4 Rg8 21.
Qxh6 Rc8 22. Qh7 Rxg4+ 23. Bxg4 Bf8 24. Qg8 Qe7 25. Ng7+ Kd8 26. Nf5 Qe8 27. h5
Kc7 28. h6 Kb8 29. h7 Rc4 30. h8=Q Rxg4+ 31. Qxg4 1-0

[Event "Championnat de France des Jeunes - Pupil"]
[Site "Aix-les-Bains"]
[Date "2009.04.23"]
[Round "6.9"]
[White "Guo, Louis"]
[Black "Lam-Roques, Kalvin"]
[Result "0-1"]
[WhiteElo "1810"]
[BlackElo "1717"]
[Annotator "Rivier,Sylvain"]
[PlyCount "103"]

1. e4 c5 2. Nf3 d6 3. d4 cxd4 4. Nxd4 Nf6 5. Nc3 g6 6. Be3 Bg7 7. f3 Nc6 8. Qd2
O-O 9. Bc4 Bd7 10. O-O-O Rc8 11. Bb3 Ne5 12. Kb1 Nc4 13. Bxc4 Rxc4 14. g4 Qc7
15. g5 Nh5 16. Nd5 Qd8 17. Ne2 Be6 18. Ng3 Bxd5 19. exd5 Qc7 20. f4 Rc8 21. c3
Qa5 22. Rc1 Qb5 23. Qd3 Qa5 24. Rc2 Nxf4 25. Bxf4 Rxf4 26. Qe3 Be5 27. h4 Qxd5
28. Rd2 Qc6 29. Rh3 Rf3 30. Qe1 Rxg3 31. Rxg3 Bxg3 32. Qxg3 Qe4+ 33. Kc1 Rc4
34. Qf2 Qxh4 35. Qxa7 Qe1+ 36. Rd1 Qe4 37. a3 Rc5 38. Qb8+ Kg7 39. Qd8 Qe3+ 40.
Kc2 Rxg5 41. Qc7 Rg2+ 42. Kb3 Qe2 43. Rb1 Qe6+ 44. c4 Qe4 45. Rc1 Rg5 46. Qb6
Rc5 47. Qb4 Qe3+ 48. Rc3 Qe4 49. Ka2 Qc6 50. a4 h6 51. Qb3 h5 52. Ka3 {suite
illisible} 0-1

[Event "Championnat de France des Jeunes - Pupil"]
[Site "Aix-les-Bains"]
[Date "2009.04.23"]
[Round "6.10"]
[White "Hyjazi, Theo"]
[Black "Venard, Paul-Andre"]
[Result "1-0"]
[WhiteElo "1770"]
[BlackElo "1631"]
[PlyCount "107"]

1. d4 d5 2. c4 e5 3. dxe5 d4 4. Nf3 Nc6 5. h3 Bb4+ 6. Nbd2 Nge7 7. a3 Bxd2+ 8.
Bxd2 Ng6 9. e3 d3 10. Bc3 d2+ 11. Qxd2 Qxd2+ 12. Kxd2 Bf5 13. Rd1 O-O-O+ 14.
Kc1 Rxd1+ 15. Kxd1 Re8 16. Be2 Ngxe5 17. Nxe5 Nxe5 18. Kc1 Nd3+ 19. Bxd3 Bxd3
20. c5 g6 21. Kd2 Rd8 22. Bd4 Be4 23. f3 Bc6 24. Kc3 f5 25. Re1 Re8 26. b4 a6
27. Kc4 Kd7 28. Rd1 Ke6 29. Rd2 Bd5+ 30. Kc3 c6 31. Re2 Kd7 32. Kd3 Bf7 33. e4
f4 34. Bf6 Ke6 35. Bg5 Ke5 36. Kc3 Rc8 37. Rd2 Be6 38. Be7 h6 39. Bd6+ Kf6 40.
Bxf4 h5 41. h4 Kf7 42. Kd4 Rd8+ 43. Bd6 Rd7 44. Ke5 Rd8 45. Kf4 Rd7 46. g4 hxg4
47. fxg4 Rd8 48. Kg5 Rd7 49. Rf2+ Kg7 50. Rf6 Bf7 51. e5 Rd8 52. e6 Be8 53. e7
Rd7 54. Rf8 1-0

[Event "Championnat de France des Jeunes - Pupil"]
[Site "Aix-les-Bains"]
[Date "2009.04.23"]
[Round "6.11"]
[White "Pruvot, Louis"]
[Black "Lagrave, Lucas"]
[Result "1/2-1/2"]
[WhiteElo "1690"]
[BlackElo "1770"]
[Annotator "Rivier,Sylvain"]
[PlyCount "79"]

1. e4 c6 2. d4 d5 3. Nc3 dxe4 4. Nxe4 Nf6 5. Nxf6+ gxf6 6. Bf4 Bf5 7. Qd2 e6 8.
Nf3 Bd6 9. Bg3 Qc7 10. O-O-O Nd7 11. Bd3 Bg6 12. Rhe1 O-O-O 13. c4 Bxg3 14.
fxg3 Nb6 15. Qc3 Rd7 16. b3 Bxd3 17. Rxd3 Kb8 18. Kc2 Qd8 19. Nd2 f5 20. Nf3
Qf6 21. Ne5 Rdd8 22. a4 Qe7 23. a5 Nd7 24. b4 Nxe5 25. Rxe5 f6 26. Re1 Rhg8 27.
Rde3 Rge8 28. Rxe6 Qf7 29. Qe3 Rxe6 30. Qxe6 Qg6 31. Kc3 Qg4 32. Qe3 Qh5 33.
Qf4+ Ka8 34. Qc7 Re8 35. Re7 Rxe7 36. Qxe7 a6 37. Qxf6 Qd1 38. Qxf5 Qc1+ 39.
Kb3 Qd1+ 40. Qc2 {suite illisible} 1/2-1/2

[Event "Championnat de France des Jeunes - Pupil"]
[Site "Aix-les-Bains"]
[Date "2009.04.23"]
[Round "6.12"]
[White "Aubert, Lucas"]
[Black "Laverdet, Tristan"]
[Result "1-0"]
[WhiteElo "1623"]
[BlackElo "1720"]
[PlyCount "83"]

1. d4 Nf6 2. c4 e6 3. Nc3 c5 4. d5 exd5 5. cxd5 d6 6. e4 g6 7. Bg5 Bg7 8. Bd3
O-O 9. Nge2 Nbd7 10. O-O a6 11. a4 Qc7 12. Rc1 c4 13. Bb1 Re8 14. Be3 Nc5 15.
Bxc5 Qxc5 16. Qd4 Nxe4 17. Nxe4 Bxd4 18. Nxc5 Bxc5 19. Ng3 b5 20. axb5 axb5 21.
Ne4 Bb4 22. Nf6+ Kf8 23. Nxe8 Kxe8 24. Rc2 Bb7 25. Re2+ Kd8 26. Be4 Kc7 27. Bf3
Kb6 28. Re7 Rf8 29. Rd1 Ba8 30. Ra1 Ba5 31. Rd7 Bb4 32. Re7 Kc5 33. Rc7+ Kd4
34. Rca7 Bxd5 35. Rd1+ Kc5 36. Bxd5 Re8 37. Rc7+ Kb6 38. Rc6+ Ka7 39. Ra1+ Kb8
40. Rb6+ Kc8 41. Ra8+ Kc7 42. Rb7# 1-0

[Event "Championnat de France des Jeunes - Pupil"]
[Site "Aix-les-Bains"]
[Date "2009.04.23"]
[Round "6.13"]
[White "Eid, Amine"]
[Black "Marie, Florian"]
[Result "1-0"]
[WhiteElo "1845"]
[BlackElo "1660"]
[PlyCount "55"]

1. e4 c5 2. Nf3 d6 3. d4 cxd4 4. Nxd4 Nf6 5. Nc3 a6 6. Bc4 e6 7. Bb3 Be7 8. g4
h6 9. Be3 Qc7 10. Qf3 Nc6 11. Rg1 Ne5 12. Qe2 d5 13. f4 Ng6 14. e5 Nxe5 15.
fxe5 Qxe5 16. Nf3 Qc7 17. Bd4 Bc5 18. Bxc5 Qxc5 19. O-O-O O-O 20. g5 hxg5 21.
Rxg5 Nh7 22. Rg3 g6 23. Rdg1 Qe7 24. Nxd5 Qd8 25. Nc3 Qc7 26. Ne4 Qf4+ 27. Kb1
e5 28. Rxg6+ 1-0

[Event "Championnat de France des Jeunes - Pupil"]
[Site "Aix-les-Bains"]
[Date "2009.04.23"]
[Round "6.14"]
[White "Balagny-Carbuccia, Nicolas"]
[Black "Caslani, Nicolas"]
[Result "1-0"]
[WhiteElo "1820"]
[BlackElo "1650"]
[PlyCount "35"]

1. e4 e5 2. Nf3 Nc6 3. Nc3 Nf6 4. d4 exd4 5. Nxd4 Nxd4 6. Qxd4 d6 7. Bf4 Be6 8.
O-O-O Nh5 9. Be3 Be7 10. Qb4 Qc8 11. Qb5+ c6 12. Qxh5 Bg4 13. Qa5 Bxd1 14. Kxd1
c5 15. Nd5 Bd8 16. Qa4+ Qd7 17. Bb5 a6 18. Bxd7+ 1-0

[Event "Championnat de France des Jeunes - Pupil"]
[Site "Aix-les-Bains"]
[Date "2009.04.23"]
[Round "6.15"]
[White "Fort, Adelin"]
[Black "Stark, Gabriel"]
[Result "0-1"]
[WhiteElo "1630"]
[BlackElo "1780"]
[PlyCount "110"]

1. Nf3 Nf6 2. g3 g6 3. Bg2 Bg7 4. O-O O-O 5. c4 d6 6. Nc3 e5 7. d3 Nc6 8. Bg5
Qe8 9. Bxf6 Bxf6 10. Nd5 Qd8 11. Rb1 Be6 12. Nc3 Bg7 13. Qc2 f5 14. e3 Nb4 15.
Qd2 c6 16. a3 Na6 17. b4 d5 18. c5 e4 19. Nd4 Qf6 20. Nxe6 Qxe6 21. d4 g5 22.
Ne2 Nc7 23. a4 a6 24. Rb2 Rab8 25. Rfb1 b5 26. Nc3 Bh6 27. axb5 Nxb5 28. Nxb5
axb5 29. Kh1 f4 30. gxf4 gxf4 31. Rg1 Kh8 32. Rbb1 Rf7 33. Bf1 f3 34. Rg3 Rg7
35. Bh3 Qe7 36. Rxg7 Qxg7 37. Rg1 Qa7 38. Qb2 Ra8 39. Qc1 Qa4 40. Qb2 Ra7 41.
Be6 Bg7 42. Bd7 Qa6 43. Bf5 Kg8 44. h3 Qa4 45. Bd7 Qa6 46. Bf5 h6 47. Bg4 Kf8
48. Bf5 Bf6 49. Rg6 Bg5 50. h4 Bxh4 51. Rxh6 Qa1+ 52. Qxa1 Rxa1+ 53. Kh2 Bxf2
54. Rxc6 Bxe3 55. Bg4 Bf4+ 0-1

[Event "Championnat de France des Jeunes - Pupillettes"]
[Site "Aix-les-Bains"]
[Date ""]
[Round "6.1"]
[White "Dieuleveut, Floriane"]
[Black "Banat, Rizlene"]
[Result "1/2-1/2"]
[WhiteElo "1651"]
[BlackElo "1542"]
[Annotator ""]

1. e4 c5 2. Nf3 e6 3. d4 cxd4 4. Nxd4 a6 5. c4 Nf6 6. Nc3 Bb4 7. Bd3 Qc7 8. O-O
h6 9. Qe2 Bc5 10. Nb3 Bd6 11. f4 e5 12. Nd5 Nxd5 13. exd5 O-O 14. Kh1 exf4 15.
Qf3 Be5 16. Bxf4 Bxf4 17. Qe4 f5 18. Qxf4 Qxf4 19. Rxf4 d6 20. Nd4 g6 21. Re1
Kf7 22. Ne6 Re8 23. g4 Bxe6 24. dxe6+ Rxe6 25. Rxe6 Kxe6 26. gxf5+ gxf5 27.
Rxf5 Nc6 28. a3 Ne5 29. Be4 Nxc4 30. Rh5 Nxb2 31. Rxh6+ Ke5 32. Bxb7 Ra7 33.
Rh5+ Kf6 34. Bd5 Nd3 35. Rh4 Nc5 36. Kg2 Rg7+ 37. Kf2 Kg5 38. Rd4 Kf5 39. Bc4
Ne4+ 40. Ke3 Rc7 41. Rxe4 d5 42. Bxd5 Rc3+ 43. Kd4 Rxa3 44. h4 Ra4+ 45. Ke3
Rxe4+ 46. Bxe4+ Kg4 1/2-1/2

[Event "Championnat de France des Jeunes - Pupil"]
[Site "Aix-les-Bains"]
[Date "2009.04.23"]
[Round "6.2"]
[White "Bellaiche, Elise"]
[Black "Canterel, Cecile"]
[Result "1-0"]
[WhiteElo "1826"]
[BlackElo "1560"]
[PlyCount "103"]

1. e4 c5 2. c3 Nf6 3. e5 Nd5 4. d4 cxd4 5. cxd4 e6 6. Nf3 Nc6 7. Bc4 Nb6 8. Bb3
d6 9. O-O Qc7 10. exd6 Bxd6 11. Nc3 O-O 12. Nb5 Qd8 13. Bc2 Be7 14. Bf4 Nd5 15.
Be3 Nxe3 16. fxe3 a6 17. Nc3 Nb4 18. Bb1 Bg5 19. a3 Nd5 20. Nxd5 Qxd5 21. Qd3
g6 22. e4 Qd8 23. Nxg5 Qxg5 24. Ba2 Bd7 25. Rfd1 Bb5 26. Qd2 Qxd2 27. Rxd2 Rfe8
28. Bb3 Rac8 29. a4 Bc4 30. Bd1 b5 31. b3 bxa4 32. bxc4 Rxc4 33. Rxa4 Rc6 34.
Ra5 Rb8 35. Kf2 Rbb6 36. Be2 Rd6 37. d5 Kg7 38. Rc2 exd5 39. exd5 Rf6+ 40. Kg3
Rb3+ 41. Bf3 h5 42. h3 g5 43. Kh2 h4 44. Ra1 Rfb6 45. Rca2 f5 46. Rxa6 Rxa6 47.
Rxa6 Rb4 48. d6 g4 49. hxg4 fxg4 50. d7 g3+ 51. Kh3 Rb8 52. Ra8 1-0

[Event "Championnat de France des Jeunes - Pupil"]
[Site "Aix-les-Bains"]
[Date "2009.04.23"]
[Round "6.3"]
[White "Lin, Yun"]
[Black "Auvray, Honorine"]
[Result "1/2-1/2"]
[WhiteElo "1570"]
[BlackElo "1708"]
[PlyCount "137"]

1. e4 c5 2. Nf3 e6 3. d4 cxd4 4. Nxd4 Nf6 5. Nc3 Nc6 6. Ndb5 Bb4 7. a3 Bxc3+ 8.
Nxc3 d5 9. exd5 exd5 10. Bb5 O-O 11. O-O d4 12. Ne2 Bg4 13. Re1 Bxe2 14. Rxe2
Re8 15. b3 Rxe2 16. Qxe2 Qd5 17. Bc4 Qe5 18. Bb2 Qa5 19. b4 Qb6 20. Rd1 Re8 21.
Qd3 Rd8 22. h3 a6 23. Re1 Qc7 24. Qe2 Qc8 25. Bd3 Re8 26. Qd2 Rxe1+ 27. Qxe1
Qe8 28. Qxe8+ Nxe8 29. c3 Ne5 30. Be2 d3 31. Bf1 Nc4 32. Ba1 d2 33. Be2 Nxa3
34. Bb2 Nb5 35. Bf3 Ned6 36. Kf1 Ne4 37. Ke2 Nexc3+ 38. Bxc3 Nxc3+ 39. Kxd2 Na2
40. Bxb7 Nxb4 41. Kc3 a5 42. Kc4 Kf8 43. Kb5 Nd3 44. f3 Ne1 45. g3 Nd3 46. Kxa5
Ke7 47. Kb5 Ke6 48. Kc4 Nf2 49. h4 Nh1 50. g4 Nf2 51. Kd4 g6 52. Ke3 Nd1+ 53.
Kf4 Nc3 54. Be4 Nxe4 55. Kxe4 f5+ 56. Kf4 Kf6 57. g5+ Ke6 58. Ke3 Kd5 59. Kd3
Ke5 60. Ke3 Ke6 61. Kd4 Kd6 62. f4 Ke6 63. Kc5 Kd7 64. Kd5 Ke7 65. Ke5 Ke8 66.
Kf6 Kf8 67. Ke6 Ke8 68. Kd6 Kd8 69. Ke6 1/2-1/2

[Event "Championnat de France des Jeunes - Pupil"]
[Site "Aix-les-Bains"]
[Date "2009.04.23"]
[Round "6.4"]
[White "Imperor, Lorene"]
[Black "Thomas, Apolline"]
[Result "1-0"]
[WhiteElo "1667"]
[BlackElo "1440"]
[PlyCount "87"]

1. f4 d5 2. Nf3 Bg4 3. e3 Nc6 4. Bb5 e6 5. O-O Bd6 6. Bxc6+ bxc6 7. d3 Ne7 8.
h3 Bh5 9. b3 O-O 10. Bb2 Bc5 11. Qe1 Nf5 12. d4 Bd6 13. g4 Bg6 14. gxf5 Bxf5
15. Qg3 Qd7 16. Nbd2 Bxc2 17. Ne5 Bxe5 18. fxe5 Bd3 19. Rf4 Bg6 20. Raf1 Rab8
21. Nf3 h6 22. Rf2 Bh5 23. Rg2 g6 24. Qh4 Kh7 25. Ba3 Rg8 26. Qe7 Qxe7 27. Bxe7
g5 28. Rf6 Rbe8 29. Bc5 a5 30. Ne1 Rg7 31. Kh2 Rd8 32. Rff2 Kg6 33. Rc2 Rb8 34.
Ba3 Rb7 35. Rxc6 Rg8 36. Nd3 Ra8 37. Nf4+ Kf5 38. Nxh5 Ke4 39. Rc3 Rd8 40. Ng7
Rg8 41. Rg4+ Kf3 42. e4+ Ke2 43. Rg2+ Ke1 44. Rc1# 1-0

[Event "Championnat de France des Jeunes - Pupil"]
[Site "Aix-les-Bains"]
[Date "2009.04.23"]
[Round "6.5"]
[White "Broly, Marine"]
[Black "Desarnaud, Manon"]
[Result "0-1"]
[WhiteElo "1470"]
[BlackElo "1600"]
[PlyCount "120"]

1. e4 e6 2. d4 d5 3. exd5 exd5 4. Nf3 Nf6 5. Bd3 Bd6 6. Qe2+ Be6 7. O-O O-O 8.
Bg5 Nc6 9. c3 Bg4 10. Nbd2 Re8 11. Qd1 h6 12. Bh4 Bf4 13. Qc2 Bxd2 14. Nxd2 Kh8
15. f4 Qd6 16. Bg3 Nh5 17. Nf3 Nxg3 18. hxg3 Re3 19. Ne5 Nxe5 20. fxe5 Qe7 21.
Kh2 Qg5 22. Bf5 Bxf5 23. Qxf5 Qxg3+ 24. Kg1 Re2 25. Rf2 Rxf2 26. Qxf2 Qxf2+ 27.
Kxf2 Re8 28. Kg3 Re6 29. Kf4 Rb6 30. b3 Kg8 31. g4 Re6 32. Rc1 b5 33. Rc2 a5
34. Kf5 g6+ 35. Kf4 Kf8 36. Ke3 Kg7 37. Kd3 h5 38. g5 Kf8 39. Rh2 Ke7 40. Rf2
Ke8 41. Rf1 Ke7 42. Rf2 a4 43. Rf4 axb3 44. axb3 Ra6 45. c4 bxc4+ 46. bxc4 Ra3+
47. Kc2 dxc4 48. Rf1 Rb3 49. Ra1 Rd3 50. Ra4 Rxd4 51. Kc3 Re4 52. Ra5 h4 53.
Ra2 Ke6 54. Rh2 Kxe5 55. Rg2 Kf4 56. Rf2+ Kg3 57. Rxf7 h3 58. Rxc7 h2 59. Rh7
Kg2 60. Rxh2+ Kxh2 0-1

[Event "Championnat de France des Jeunes - Pupil"]
[Site "Aix-les-Bains"]
[Date "2009.04.23"]
[Round "6.6"]
[White "Susini, Noelia"]
[Black "Baldi, Valentine"]
[Result "0-1"]
[WhiteElo "1450"]
[BlackElo "1642"]
[PlyCount "158"]

1. e4 c6 2. d4 d5 3. Nc3 dxe4 4. Nxe4 Bf5 5. Ng3 Bg6 6. Nh3 h6 7. Nf4 Bh7 8.
Be3 e6 9. Bc4 Nf6 10. Qd2 Bd6 11. O-O-O Nbd7 12. Rhe1 Nd5 13. Nxd5 cxd5 14.
Bxd5 Qc7 15. Bb3 Nf6 16. d5 O-O-O 17. Qd4 b6 18. Qc4 Qxc4 19. Bxc4 exd5 20. Bd3
Bxd3 21. Rxd3 Rhe8 22. Nf5 Bf8 23. Red1 g6 24. Nxh6 Bxh6 25. Bxh6 Ng4 26. Be3
Re5 27. Rc3+ Kb7 28. Bf4 Re7 29. f3 Nf6 30. Bg5 Re6 31. Rcd3 Kc6 32. c4 b5 33.
cxd5+ Rxd5 34. Bxf6 Rxd3 35. Rxd3 Rxf6 36. Rc3+ Kb6 37. Rb3 Re6 38. Kd2 Re5 39.
Re3 Rd5+ 40. Rd3 Re5 41. Rd6+ Kc5 42. Rd7 Rg5 43. g3 Rf5 44. f4 a6 45. Kc3 b4+
46. Kb3 a5 47. a3 Rf6 48. Rb7 bxa3 49. Kxa3 Kc6 50. Ra7 Kb5 51. Re7 Rf5 52. Re4
Rd5 53. b4 Rd3+ 54. Kb2 axb4 55. Re2 Kc5 56. Kc2 Ra3 57. Kb2 Kc4 58. Re4+ Kc5
59. h4 Rxg3 60. Re5+ Kc4 61. Re4+ Kb5 62. Re5+ Ka4 63. Re8 Rg2+ 64. Kb1 Ka3 65.
Re3+ b3 66. Rc3 Rg1+ 67. Rc1 Rxc1+ 68. Kxc1 b2+ 69. Kd2 b1=Q 70. Kc3 Qb3+ 71.
Kd4 Kb2 72. Ke4 Qc3 73. Kd5 Kb3 74. Kd6 Qc4 75. Kd7 Qe6+ 76. Kc7 Kc4 77. Kb7
Kc5 78. Kb8 Kb6 79. Ka8 Qc8# 0-1